Huddersfield Town Squad 2017-2018 - Statistics

General Stats
  • This quiz has been taken 15 times
  • The average score is 13 of 31
Answer Stats
# Position Nation Player % Correct
1 GK Denmark Jonas Lössl
92%
10 MF Australia Aaron Mooy
69%
26 DF Germany Christopher Schindler
62%
24 FW Benin Steve Mounié
62%
5 DF Netherlands Terence Kongolo
62%
19 MF United States Danny Williams
54%
6 MF England Jonathan Hogg
54%
20 FW Belgium Laurent Depoitre
54%
17 FW Netherlands Rajiv van La Parra
54%
22 FW England Tom Ince
54%
2 DF England Tom Smith
54%
15 DF Germany Chris Löwe
46%
- Coach United States David Wagner
46%
27 DF Slovenia Jon Gorenc Stanković
46%
25 DF Denmark Zanka
46%
11 MF Morocco Abdelhamid Sabiri
38%
9 FW DR Congo Elias Kachunga
38%
44 DF Germany Michael Hefele
38%
8 MF Denmark Philip Billing
38%
13 GK England Joel Coleman
31%
45 MF Jamaica Kasey Palmer
31%
21 MF England Alex Pritchard
23%
23 FW Germany Collin Quaner
23%
33 DF Kosovo Florent Hadergjonaj
23%
18 FW England Joe Lolley
23%
14 DF England Martin Cranie
23%
31 GK England Ryan Schofield
23%
3 DF England Scott Malone
23%
4 MF England Dean Whitehead
15%
28 GK England Robert Green
15%
7 FW Ireland Sean Scannell
15%
No matching quizzes found
Score Distribution
Percent of People with Each Score
Percentile by Number Answered
Your Score History
You have not taken this quiz